000 00333nam a22001337a 4500
999 _c527995
_d527995
003 NUST
038 _aM.Ramzan
082 _a10164
_bGEI
100 _aGreiger, David
_919502
245 _aTransportation asset, managmet in Austrialia /
_cDavid, Greiger
260 _aMclean
_bFHWA
_c2005
300 _a160 P, :
_c25CM
942 _2ddc
_cBK